[Event "FICGS class C 000266 email"]
[Site "FICGS email"]
[Date "2019.01.13"]
[Round "1"]
[White "Carnemolla, Giampaolo"]
[Black "Vollmer, Steve"]
[Result "1-0"]
[WhiteElo "1760"]
[BlackElo "1792"]
[PlyCount "59"]
[EventDate "2019.??.??"]
[EventType "tourn (corr)"]
[EventRounds "4"]
[SourceTitle "Corr 2022"]
[Source "ChessBase"]
[SourceDate "2021.10.24"]
[SourceVersion "1"]
[SourceVersionDate "2021.10.24"]
[SourceQuality "1"]

1. Nf3 c5 2. e4 d6 3. d4 cxd4 4. Nxd4 Nf6 5. Nc3 a6 6. Be2 g6 7. h4 h5 8. Be3 Bg7 9. Qd2 Nc6 10. f3 Qc7 11. 0-0-0 Bd7 12. Kb1 b5 13. Nd5 Nxd5 14. exd5 Ne5 15. Rhe1 0-0-0 16. b3 Qb7 17. Qa5 Kb8 18. a4 bxa4 19. Bxa6 Qc7 20. Qb4+ Ka8 21. Nb5 Bxb5 22. Bxb5 Rc8 23. Qxa4+ Kb8 24. Bc6 Nxc6 25. dxc6 e6 26. Rxd6 Rhd8 27. Red1 Rxd6 28. Rxd6 Bc3 29. Rd7 Qa5 30. Rb7+ 1-0

[Event "FICGS class C 000266 email"]
[Site "FICGS email"]
[Date "2019.01.13"]
[Round "1"]
[White "Hilton, Stephen"]
[Black "Carnemolla, Giampaolo"]
[Result "0-1"]
[WhiteElo "1795"]
[BlackElo "1760"]
[PlyCount "50"]
[EventDate "2019.??.??"]
[EventType "tourn (corr)"]
[EventRounds "4"]
[SourceTitle "Corr 2022"]
[Source "ChessBase"]
[SourceDate "2021.10.24"]
[SourceVersion "1"]
[SourceVersionDate "2021.10.24"]
[SourceQuality "1"]

1. c4 e5 2. Nc3 Nf6 3. g3 Bb4 4. Bg2 0-0 5. Nf3 Nc6 6. 0-0 Bxc3 7. dxc3 d6 8. Bg5 h6 9. Bxf6 Qxf6 10. Nd2 a5 11. Ne4 Qe7 12. b3 f5 13. Nd2 e4 14. e3 Qe5 15. Qc2 Bd7 16. a3 Rae8 17. b4 axb4 18. cxb4 b6 19. Rfd1 Kh7 20. Nb3 Qe7 21. Nd4 Ne5 22. Rd2 c5 23. bxc5 dxc5 24. Ne2 Be6 25. Rb1 Nxc4 0-1